00346nam a2200157Ia 4500003000400000005001700004008004000021040000700061041001200068082001500080100001900095245002100114250000600135260003500141300001200176OSt20250703154311.0210210b1979 xxu||||| |||| 00| 0 eng d cAL aEnglish a515.9 AHLC aLars V Ahlfors aComplex analysis a3 aNYbMcGraw Hill Book Co.c1979 axiv,331